| 000 | 00396nam a2200181Ia 4500 | ||
|---|---|---|---|
| 008 | 210210b1914 xxu||||| |||| 00| 0 eng d | ||
| 041 | _aeng | ||
| 082 | _a882/53 | ||
| 100 | _aSHARMA VISHNU | ||
| 245 | _aPanchatantra II and III | ||
| 260 |
_aBombay _b- _c1914 |
||
| 650 | _aPanchatantra | ||
| 650 | _aIII | ||
| 650 | _aII | ||
| 650 | _aand | ||
| 690 | _aSanskrit Prose | ||
| 906 | _a024318 | ||
| 999 |
_c149805 _d149805 |
||